000 00589nam a22002297a 4500
003 UA-OsUOA
001 65827
007 ta
008 20091210b un ||||| |||| 00| 0 ukr d
100 _aДубиківська Л.
090 _a821.161.2
_bД79
942 _cBK
040 _aUA-OsUOA
_bukr
_cUA-OsUOA
_dUA-OsUOA
245 _aДоля або переходжу стікс
300 _a96 с.
955 _a3
041 _aukr
080 _a821.161.2
260 _aК.
_c2007
650 7 _a82 Література. Літературознавство
_2UDC
999 _c352197
_d352197